Millimeter-wave circuits for 5G and radar / (Record no. 534545)

000 -LEADER
fixed length control field 01345cam a22003738i 4500
001 - CONTROL NUMBER
control field 20791125
003 - CONTROL NUMBER IDENTIFIER
control field NUST
005 - DATE AND TIME OF LATEST TRANSACTION
control field 20200302120813.0
008 - FIXED-LENGTH DATA ELEMENTS--GENERAL INFORMATION
fixed length control field 181226s2019 enk b 001 0 eng
010 ## - LIBRARY OF CONGRESS CONTROL NUMBER
LC control number 2018060438
020 ## - INTERNATIONAL STANDARD BOOK NUMBER
International Standard Book Number 9781108492782 (hardback)
038 ## - RECORD CONTENT LICENSOR
Staff Name waseem
040 ## - CATALOGING SOURCE
Original cataloging agency DLC
Language of cataloging eng
Description conventions rda
Transcribing agency DLC
042 ## - AUTHENTICATION CODE
Authentication code pcc
050 00 - LIBRARY OF CONGRESS CALL NUMBER
Classification number TK7876.5
Item number .M45 2019
082 00 - DEWEY DECIMAL CLASSIFICATION NUMBER
Classification number 621.3848
Author Mark MIL
245 00 - TITLE STATEMENT
Title Millimeter-wave circuits for 5G and radar /
Statement of responsibility, etc. edited by Gernot Hueber, Silicon Austria Labs, Austria, Ali M. Niknejad, University of California, Berkeley.
263 ## - PROJECTED PUBLICATION DATE
Projected publication date 1902
264 #1 - PRODUCTION, PUBLICATION, DISTRIBUTION, MANUFACTURE, AND COPYRIGHT NOTICE
Place of production, publication, distribution, manufacture Cambridge, United Kingdom ;
-- New York, NY, USA :
Name of producer, publisher, distributor, manufacturer Cambridge University Press,
Date of production, publication, distribution, manufacture, or copyright notice 2019.
300 ## - PHYSICAL DESCRIPTION
Extent pages cm.
336 ## - CONTENT TYPE
Content type term text
Content type code txt
Source rdacontent
337 ## - MEDIA TYPE
Media type term unmediated
Media type code n
Source rdamedia
338 ## - CARRIER TYPE
Carrier type term volume
Carrier type code nc
Source rdacarrier
490 0# - SERIES STATEMENT
Series statement The Cambridge RF and microwave engineering series
504 ## - BIBLIOGRAPHY, ETC. NOTE
Bibliography, etc. note Includes bibliographical references and indexes.
650 #0 - SUBJECT ADDED ENTRY--TOPICAL TERM
Topical term or geographic name entry element Millimeter wave devices.
9 (RLIN) 28750
650 #0 - SUBJECT ADDED ENTRY--TOPICAL TERM
Topical term or geographic name entry element Wireless communication systems
General subdivision Equipment and supplies.
9 (RLIN) 400
650 #0 - SUBJECT ADDED ENTRY--TOPICAL TERM
Topical term or geographic name entry element Radar circuits.
9 (RLIN) 28751
700 1# - ADDED ENTRY--PERSONAL NAME
Personal name Hueber, Gernot,
Dates associated with a name 1972-
9 (RLIN) 28752
700 1# - ADDED ENTRY--PERSONAL NAME
Personal name Niknejad, Ali M.,
Dates associated with a name 1972-
9 (RLIN) 28753
906 ## - LOCAL DATA ELEMENT F, LDF (RLIN)
a 7
b cbc
c orignew
d 1
e ecip
f 20
g y-gencatlg
942 ## - ADDED ENTRY ELEMENTS (KOHA)
Source of classification or shelving scheme
Koha item type Book
Holdings
Withdrawn status Lost status Source of classification or shelving scheme Damaged status Not for loan Permanent Location Current Location Date acquired Source of acquisition Total Checkouts Full call number Barcode Checked out Date last seen Date last checked out Price effective from Koha item type
          Central Library (CL) Central Library (CL) 03/02/2020 Allied Book Company 2 621.3848 MIL CL-244 11/01/2024 07/04/2024 07/04/2024 03/02/2020 Book
© 2023 Central Library, National University of Sciences and Technology. All Rights Reserved.